introduction to bibliography (Record no. 24722)

000 -LEADER
fixed length control field 00289nam a22001217a 4500
003 - CONTROL NUMBER IDENTIFIER
control field OSt
005 - DATE AND TIME OF LATEST TRANSACTION
control field 20170105105202.0
008 - FIXED-LENGTH DATA ELEMENTS--GENERAL INFORMATION
fixed length control field 140910b xxu||||| |||| 00| 0 eng d
040 ## - CATALOGING SOURCE
Language of cataloging english
050 ## - LIBRARY OF CONGRESS CALL NUMBER
Classification number 005.1
Item number 35000
245 ## - TITLE STATEMENT
Title introduction to bibliography
Statement of responsibility, etc. kumar, krishan
942 ## - ADDED ENTRY ELEMENTS (KOHA)
Source of classification or shelving scheme
Koha item type Book
Holdings
Withdrawn status Lost status Damaged status Not for loan Permanent Location Current Location Shelving location Date acquired Total Checkouts Barcode Date last seen Price effective from Koha item type
        School of Interdisciplinary Engineering and Sciences (SINES) School of Interdisciplinary Engineering and Sciences (SINES) General Stacks 09/10/2014   RCMS35000 09/10/2014 09/10/2014 Book
© 2023 Central Library, National University of Sciences and Technology. All Rights Reserved.